000 01551naa a22003257a 4500
001 BR9403457
003 BR-BrBNA
005 20240918181148.0
007 ta
008 230509b bl.||||| |||| 00| 0 por d
040 _aBR-BrBNA
_bpor
_cBiblioteca Nacional de Agricultura
041 _a(Pt)
072 _aF04
_b0230
_b3830
090 _aF04 BR9403457
100 1 _aAlbuquerque, G.A.C.
100 1 _aMarinho, M.L.
100 1 _aAraujo Filho, J.T.
111 1 _a2. Congresso Nacional da Sociedade de Tecnicos Acucareiros do Brasil1. Simposio Latino-Americano sobre Modalidades de Financiamento a Producao de Energia Renovavel
_cRio de Janeiro, RJ (Brazil)
_d16-21 Aug 1981
245 1 _aCompeticao entre fontes de fosforo e efeitos residuais em socarias
260 3 _aRio de Janeiro, RJ (Brasil):
_c1981.
500 _aAnais do 2. Congresso Nacional da Sociedade de Tecnicos Acucareiros do Brasil e do 1. Simposio Latino-Americano sobre Modalidades de Financiamento a Producao de Energia Renovavel Rio de Janeiro, RJ (Brasil): 1981. v. 3 p. 174-189 (BR9403457-AM)F04
650 _aCana de Acucar
650 _aSoca
650 _aFertilizante Fosfatado
650 _aAdubacao
650 _aEfeito Residual
773 0 _tAnais do 2. Congresso Nacional da Sociedade de Tecnicos Acucareiros do Brasil e do 1. Simposio Latino-Americano sobre Modalidades de Financiamento a Producao de Energia Renovavel
_wF04 BR9403457
_gRio de Janeiro, RJ (Brasil), 1981. v. 3 p. 174-189
909 _a202404
_bLucia
_c55
_dLucia Elande
942 _cAM
_2AGRIS
999 _c323884
_d323884